|
|
|
|
| LEADER |
00750nam a2200217 a 4500 |
| 001 |
c000262593 |
| 003 |
CARM |
| 005 |
20070615124045.0 |
| 008 |
070615s1983 enk 000 1 eng d |
| 019 |
1 |
|
|a 3473203
|z 50071295
|5 LACONCORD2021
|
| 020 |
|
|
|a 0708823041 (pbk.)
|
| 035 |
|
|
|a (OCoLC)12459070
|5 LACONCORD2021
|
| 040 |
|
|
|a VCAV
|b eng
|c VCAV
|
| 100 |
1 |
|
|a Watkins, Ivor
|
| 245 |
1 |
0 |
|a Demon /
|c Ivor Watkins.
|
| 250 |
|
|
|a 1st Futura ed.
|
| 260 |
|
|
|a London :
|b Futura ;
|b Macdonald & Co.,
|c 1983.
|
| 300 |
|
|
|a 219 p.
|
| 852 |
8 |
|
|b CARM
|h A1:AO16A0
|i A04361
|p 0380252
|f BK
|
| 999 |
f |
f |
|i e2b73304-5a7e-54ef-93ec-aeb702eea1af
|s 161af932-2d65-56ab-9ced-7b19bd9a93f5
|
| 952 |
f |
f |
|p Can circulate
|a CAVAL
|b CAVAL
|c CAVAL
|d CARM 1 Store
|e A04361
|f A1:AO16A0
|h Other scheme
|i book
|m 0380252
|